Smer dediny roľnícke noviny Zlatomoravského okresu
| New Title: | Hlas Nitrianskeho okresu |
|---|---|
| Previous Title: | Nová dedina |
| Format: | Journal |
| Language: | Slovak |
| PhysicalDescription: | 7 zv. 43 cm |
| Published: |
Zlaté Moravce
ONV
1954-1960
Zlaté Moravce Rada ONV Zlaté Moravce Rada ONV OV KSS |
| Subjects: |
MARC
| LEADER | 00000cas a2200000 a 4500 | ||
|---|---|---|---|
| 001 | vtls010302229 | ||
| 003 | SK-MaSNL | ||
| 005 | 20260228163404.0 | ||
| 008 | 150416d19541960xo wr|p 0 b0slo | ||
| 040 | |a SNK |b slo |c SNK |e AACR2 | ||
| 041 | 0 | |a slo | |
| 043 | |a e-xo--- | ||
| 044 | |a xo |c SK | ||
| 072 | 7 | |a 352/354 |x Stupne miestnej, oblastnej a ústrednej správy |2 konspekt | |
| 080 | |a 63 |2 2001 | ||
| 080 | |a 050 |2 2001 | ||
| 080 | |a 353.9 |2 2001 | ||
| 245 | 0 | 0 | |a Smer dediny |b roľnícke noviny Zlatomoravského okresu |
| 246 | 3 | 3 | |a Smer dediny (Zlaté Moravce) |
| 260 | |a Zlaté Moravce |b ONV |c 1954-1960 | ||
| 260 | 2 | |3 3/1957-1959 |a Zlaté Moravce |b Rada ONV | |
| 260 | 3 | |3 1960 |a Zlaté Moravce |b Rada ONV |b OV KSS | |
| 300 | |a 7 zv. |c 43 cm | ||
| 310 | |a 1x týždenne | ||
| 362 | 0 | |a Roč. IV, č. 3 (6.2.1954)-roč. X, č. 10 (26.3.1960) | |
| 500 | |a Zmena podnázvu od č. 26/1958: orgán Rady ONV v Zlatých Moravciach | ||
| 500 | |a Podnázov v tiráži od č. 3/1957: okresné roľnícke noviny | ||
| 500 | |a Redaktori sa menia | ||
| 500 | |a Tlač. Nitrianske tlačiarne v Nitre, od 13/1958 Západoslov. tlačiarne, kraj. záv. v Nitre | ||
| 515 | |a Niektoré čísla vychádzajú ako dvojčíslo | ||
| 580 | |a Nadviazal na roľnícke noviny Nová dedina. Od apríla 1960 prevzali ich náplň noviny Hlas Nitrianskeho okresu | ||
| 650 | 0 | 7 | |a poľnohospodárstvo |2 SNKPH |9 679 |
| 650 | 0 | 7 | |a územná samospráva |2 SNKPH |9 802 |
| 651 | 7 | |a Zlaté Moravce (Slovensko) |2 SNKPH |9 31455 | |
| 655 | 7 | |a regionálne periodiká |2 SNKPH |9 131775 | |
| 780 | 0 | 0 | |t Nová dedina |w vtls010301751 |
| 785 | 0 | 0 | |t Hlas Nitrianskeho okresu |w vtls010299716 |
| 910 | |a snk | ||
| 916 | |a 1954-1960 | ||
| 958 | |a OND | ||
| 999 | |c 9352 |d 11282 | ||
| 952 | |0 0 |1 0 |4 0 |7 0 |a SNK |b SNK |d 2015-04-13 |f 1 |i snkII. 1873/55 |l 0 |o snkČSB 740/4/1954 |p 17A1047634 |r 2026-02-21 21:25:29 |t č. 3-34 |w 2026-02-21 |y PREZ |z zviazané spolu s č. 1-2, názov Nová dedina | ||
| 952 | |0 0 |1 0 |4 0 |7 0 |a SNK |b SNK |d 2015-04-13 |f 1 |i snkČSP 849/57 |l 0 |o snkČSB 740/5/1955 |p 17A0736283 |r 2026-02-21 21:25:29 |t č. 1-22 |w 2026-02-21 |y PREZ | ||
| 952 | |0 0 |1 0 |4 0 |7 0 |a SNK |b SNK |d 2015-04-13 |i snkČSP 1015/57 |l 0 |o snkČSB 740/6/1956 D1 |p 17A0736284 |r 2026-02-21 21:25:29 |t č. 1-34, neúpl. |w 2026-02-21 |y PREZ |z chýba č. 13,16 ; č. 16 pod názvom Smer dediny k socializmu, chybne skompletované | ||
| 952 | |0 0 |1 0 |4 0 |7 0 |a SNK |b SNK |d 2015-04-13 |f 1 |i snkČSP 675/58 |l 0 |o snkČSB 740/7/1957 |p 17A0736285 |r 2026-02-21 21:25:40 |t č. 1-39 |w 2026-02-21 |y PREZ | ||
| 952 | |0 0 |1 0 |4 0 |7 0 |a SNK |b SNK |d 2015-04-13 |f 1 |i snkČSP 688/59 |l 0 |o snkČSB 740/8/1958 |p 17A0736286 |r 2026-02-21 21:25:40 |t č. 1-47 |w 2026-02-21 |y PREZ | ||
| 952 | |0 0 |1 0 |4 0 |7 0 |a SNK |b SNK |d 2015-04-13 |f 1 |i snkČSP 1259/60 |l 0 |o snkČSB 740/9/1959 |p 17A0736287 |r 2026-02-21 21:25:40 |t č. 1-50 |w 2026-02-21 |y PREZ | ||
| 952 | |0 0 |1 0 |4 0 |7 0 |a SNK |b SNK |d 2015-04-13 |f 1 |i snkČSP 1836/61 |l 0 |o snkČSB 740/10/1960 |p 17A0736288 |r 2026-02-21 21:25:40 |t č. 1-10 |w 2026-02-21 |y PREZ | ||
| 952 | |0 0 |1 0 |4 0 |7 0 |a SNK |b SNK |d 2015-04-15 |f 1 |i snkČSP 1016/57 |l 0 |o snkČSB 740/6/1956 |p 17A1047640 |r 2026-02-21 21:25:51 |t č. 1-34 |w 2026-02-21 |y PREZ | ||


